[Event "26th WSCC 2016 Open 50+"]
[Site "Marianske Lazne, Czech Republic - Hotel Cristal and Continental"]
[Date "2016.11.22"]
[Round "4.44"]
[White "Becvar, Miroslav"]
[Black "Baimurzin, Aitkazy"]
[Result "0-1"]
[WhiteElo "1834"]
[BlackElo "2132"]
[PlyCount "82"]
[EventDate "2016.11.19"]

1. e4 c5 2. f4 g6 3. Nf3 Bg7 4. c3 b6 5. Bc4 Bb7 6. d3 e6 7. O-O Ne7 8. Be3 a6
9. Nbd2 O-O 10. Qe1 Nbc6 11. a3 Rc8 12. Rd1 d5 13. Ba2 Qd7 14. e5 d4 15. cxd4
Nxd4 16. Nc4 Bxf3 17. gxf3 Nd5 18. Bxd4 cxd4 19. Nd6 Ne3 20. Rb1 Rc6 21. Rf2
Rxd6 22. exd6 Qxd6 23. b4 Qxf4 24. Rc1 Be5 25. Rc6 Qh4 26. Qe2 Rb8 27. Bc4 a5
28. b5 a4 29. Ba2 Kg7 30. Bb1 Bf4 31. Rg2 Qh5 32. Rg4 Nxg4 33. fxg4 Qxb5 34.
Qc2 Be3+ 35. Kf1 Qd5 36. Qg2 Qb3 37. Bc2 Qxa3 38. Qg3 Qc1+ 39. Kg2 Qg1+ 40. Kf3
Qxg3+ 41. Kxg3 b5 0-1

[Event "26th WSCC 2016 Open 50+"]
[Site "Marianske Lazne, Czech Republic - Hotel Cristal and Continental"]
[Date "2016.11.22"]
[Round "4.45"]
[White "Guner, Bulent"]
[Black "Bartonicek, Zdenek"]
[Result "1/2-1/2"]
[WhiteElo "2130"]
[BlackElo "1894"]
[PlyCount "35"]
[EventDate "2016.11.19"]

1. d4 Nf6 2. c4 c5 3. d5 e5 4. Nc3 d6 5. e4 Be7 6. h3 Nbd7 7. Be2 O-O 8. Be3 a6
9. a4 Ne8 10. Nf3 g6 11. g4 Ng7 12. Bh6 Nf6 13. Qd2 Bd7 14. Ra3 Kh8 15. Rg1 Ng8
16. Bd3 Nxh6 17. Qxh6 f6 18. Rb3 1/2-1/2

[Event "26th WSCC 2016 Open 50+"]
[Site "Marianske Lazne, Czech Republic - Hotel Cristal and Continental"]
[Date "2016.11.22"]
[Round "4.46"]
[White "Canonne, Antoine"]
[Black "Babar, Michael"]
[Result "1/2-1/2"]
[WhiteElo "1887"]
[BlackElo "2129"]
[PlyCount "88"]
[EventDate "2016.11.19"]

1. e4 c5 2. Nc3 a6 3. g3 Nc6 4. Bg2 g6 5. d3 Bg7 6. Nge2 e6 7. O-O Nge7 8. Be3
Nd4 9. Qd2 O-O 10. Nd1 d6 11. c3 Nxe2+ 12. Qxe2 Bd7 13. f4 Bc6 14. Nf2 b6 15.
Rfd1 Qc7 16. d4 Qb7 17. dxc5 dxc5 18. Bd2 Rfd8 19. Be1 e5 20. Rxd8+ Rxd8 21.
Rd1 Rxd1 22. Qxd1 Qc7 23. Bd2 c4 24. Be3 Bb7 25. Ng4 Nc6 26. fxe5 Nxe5 27. Bf4
Qd7 28. Qxd7 Nxd7 29. Be3 h5 30. Nf2 b5 31. Kf1 Kf8 32. Ke2 Ke7 33. h4 Ne5 34.
Bc5+ Kd7 35. Bh3+ Kc6 36. Bd4 Kd6 37. b4 Bc6 38. Bc5+ Kc7 39. Bd4 Bd7 40. Bxd7
Kxd7 41. Nh3 Bf6 42. Nf4 Kd6 43. Bc5+ Kc6 44. Bd4 Kd6 1/2-1/2

[Event "26th WSCC 2016 Open 50+"]
[Site "Marianske Lazne, Czech Republic - Hotel Cristal and Continental"]
[Date "2016.11.22"]
[Round "4.47"]
[White "Gollain, Marc"]
[Black "Simon, Petr"]
[Result "1-0"]
[WhiteElo "2097"]
[BlackElo "1681"]
[PlyCount "89"]
[EventDate "2016.11.19"]

1. c4 Nf6 2. g3 g6 3. Bg2 Bg7 4. Nc3 d6 5. e4 Nc6 6. Nge2 O-O 7. O-O e5 8. d3
Be6 9. Nd5 h6 10. Rb1 Bxd5 11. cxd5 Ne7 12. d4 exd4 13. Nxd4 Kh7 14. Be3 a6 15.
Rc1 Nd7 16. Qc2 Rc8 17. Bh3 c6 18. dxc6 Nxc6 19. Nxc6 Rxc6 20. Qe2 Ne5 21. f4
Rxc1 22. Rxc1 Nc6 23. Rd1 Qe7 24. Bg2 Rc8 25. Qd2 Rd8 26. b3 Qf6 27. Bb6 Re8
28. Qxd6 Re6 29. Qd2 Qe7 30. Bf2 Bf8 31. e5 f6 32. Bd5 fxe5 33. Bxe6 Qxe6 34.
Qd7+ Qxd7 35. Rxd7+ Kg8 36. Rxb7 exf4 37. gxf4 a5 38. a4 Bb4 39. Rb6 Ne7 40.
Rxb4 axb4 41. a5 Nd5 42. a6 Kf7 43. a7 Nc7 44. Bb6 Na8 45. Bc5 1-0

[Event "26th WSCC 2016 Open 50+"]
[Site "Marianske Lazne, Czech Republic - Hotel Cristal and Continental"]
[Date "2016.11.22"]
[Round "4.48"]
[White "Hrbolka, Ladislav"]
[Black "Privoznik, Lubos"]
[Result "1-0"]
[WhiteElo "2094"]
[BlackElo "1652"]
[PlyCount "65"]
[EventDate "2016.11.19"]

1. d4 Nf6 2. Nf3 g6 3. c4 Bg7 4. Nc3 d5 5. cxd5 Nxd5 6. Bd2 O-O 7. e4 Nxc3 8.
Bxc3 c5 9. Be2 cxd4 10. Nxd4 Nc6 11. Nxc6 Bxc3+ 12. bxc3 Qxd1+ 13. Rxd1 bxc6
14. Bc4 a5 15. Ke2 Ra7 16. Ke3 Rd7 17. Rxd7 Bxd7 18. Rd1 Rd8 19. e5 Kf8 20. e6
fxe6 21. Bxe6 Ke8 22. Bc4 Bf5 23. Bf7+ Kxf7 24. Rxd8 a4 25. Ra8 Bc2 26. Rc8 Bb1
27. a3 Ba2 28. Rxc6 Bd5 29. Ra6 Bb3 30. Kd4 e6 31. Ke5 h5 32. Ra7+ Kg8 33. Kf6
1-0

[Event "26th WSCC 2016 Open 50+"]
[Site "Marianske Lazne, Czech Republic - Hotel Cristal and Continental"]
[Date "2016.11.22"]
[Round "4.49"]
[White "Maly, Petr"]
[Black "Hartung-Nielsen, Jens"]
[Result "0-1"]
[WhiteElo "1667"]
[BlackElo "2200"]
[PlyCount "68"]
[EventDate "2016.11.19"]

1. d4 d5 2. c4 e6 3. cxd5 exd5 4. Nc3 c6 5. a3 Nf6 6. Bg5 Be7 7. e3 Bf5 8. Bd3
Bxd3 9. Qxd3 O-O 10. Nf3 Nbd7 11. O-O Re8 12. Rac1 Ne4 13. Bxe7 Qxe7 14. Nd2 f5
15. Rfe1 Qh4 16. Re2 Re6 17. Nf1 Rae8 18. f3 Nd6 19. b3 Qg5 20. Rce1 Rg6 21.
Qc2 Nf6 22. a4 h5 23. Kh1 h4 24. h3 Nh5 25. f4 Qe7 26. Kg1 Ng3 27. Nxg3 Rxg3
28. Kf2 g5 29. fxg5 Qxg5 30. Kf1 Rgxe3 31. Qd2 f4 32. Rxe3 fxe3 33. Qe2 Nf5 34.
Rd1 Ng3+ 0-1

[Event "26th WSCC 2016 Open 50+"]
[Site "Marianske Lazne, Czech Republic - Hotel Cristal and Continental"]
[Date "2016.11.22"]
[Round "4.50"]
[White "Dovzhenko, Viktor"]
[Black "Marsalek, Lubos"]
[Result "1-0"]
[WhiteElo "2171"]
[BlackElo "1927"]
[PlyCount "69"]
[EventDate "2016.11.19"]

1. e4 c5 2. Nf3 d6 3. d4 cxd4 4. Nxd4 Nf6 5. Nc3 Nc6 6. f3 e6 7. Be3 Be7 8. Qd2
a6 9. g4 Qc7 10. g5 Nd7 11. h4 Nde5 12. O-O-O Nxd4 13. Qxd4 O-O 14. f4 Nc6 15.
Qd2 b5 16. f5 b4 17. Na4 Qa5 18. b3 exf5 19. Kb1 Rb8 20. g6 fxe4 21. gxf7+ Kh8
22. Bg5 Bg4 23. Re1 d5 24. Rg1 Bf5 25. Qf4 Bg6 26. Bxe7 Nxe7 27. Qe5 Nc6 28.
Qd6 Nd4 29. Rxg6 hxg6 30. Qxg6 Rxf7 31. Qxf7 Rc8 32. Qh5+ Kg8 33. Rxe4 dxe4 34.
Qxa5 Nxc2 35. Bc4+ 1-0

[Event "26th WSCC 2016 Open 50+"]
[Site "Marianske Lazne, Czech Republic - Hotel Cristal and Continental"]
[Date "2016.11.22"]
[Round "4.51"]
[White "Kainz, Josef"]
[Black "Robertson, Ian C"]
[Result "1/2-1/2"]
[WhiteElo "1907"]
[BlackElo "2127"]
[PlyCount "83"]
[EventDate "2016.11.19"]

1. d4 Nf6 2. c4 Nc6 3. Nf3 e6 4. g3 d5 5. Bg2 dxc4 6. O-O Rb8 7. a4 a6 8. Re1
Bb4 9. Nc3 O-O 10. e4 Na5 11. Bf4 Nd7 12. Qe2 Bd6 13. e5 Bb4 14. Red1 Bxc3 15.
bxc3 Nb6 16. Ng5 Nd5 17. Qh5 h6 18. Ne4 Nxf4 19. gxf4 Qe7 20. Re1 Bd7 21. Re3
Be8 22. Nf6+ Kh8 23. Rh3 Bc6 24. Bxc6 Nxc6 25. Kh1 Rfd8 26. Rg1 Qf8 27. Ne4 Ne7
28. Ng5 Kg8 29. Ne4 Nf5 30. Nf6+ Kh8 31. Ne4 b5 32. axb5 axb5 33. Rg5 b4 34.
cxb4 Rxd4 35. Ng3 Rxf4 36. Nxf5 Rxf5 37. Rxf5 exf5 38. Qxf5 Rxb4 39. e6 Qa8+
40. Kg1 fxe6 41. Rxh6+ gxh6 42. Qf6+ 1/2-1/2

[Event "26th WSCC 2016 Open 50+"]
[Site "Marianske Lazne, Czech Republic - Hotel Cristal and Continental"]
[Date "2016.11.22"]
[Round "4.52"]
[White "Koblasa, Josef"]
[Black "Semakoff, Aleks"]
[Result "1/2-1/2"]
[WhiteElo "1896"]
[BlackElo "2084"]
[PlyCount "34"]
[EventDate "2016.11.19"]

1. c4 e6 2. Nc3 d5 3. cxd5 exd5 4. d4 c5 5. Bf4 Nf6 6. Nf3 Nc6 7. e3 Bg4 8. Be2
Be7 9. O-O O-O 10. dxc5 Bxc5 11. Qb3 Qd7 12. Rfd1 Be6 13. Qb5 Be7 14. Rd2 a6
15. Qb6 Rac8 16. Ne5 Nxe5 17. Bxe5 Bc5 1/2-1/2

[Event "26th WSCC 2016 Open 50+"]
[Site "Marianske Lazne, Czech Republic - Hotel Cristal and Continental"]
[Date "2016.11.22"]
[Round "4.53"]
[White "Juricek, Stanislav"]
[Black "Wilkinson, Ian"]
[Result "1-0"]
[WhiteElo "2043"]
[BlackElo "1885"]
[PlyCount "47"]
[EventDate "2016.11.19"]

1. e4 e5 2. f4 d5 3. exd5 exf4 4. Nf3 Nf6 5. Nc3 Bg4 6. Bc4 Bd6 7. Qe2+ Qe7 8.
Qxe7+ Kxe7 9. O-O Re8 10. d4 Nbd7 11. Bd2 a6 12. Bd3 h6 13. h3 Bxf3 14. Rxf3 g5
15. g3 fxg3 16. Raf1 Rg8 17. Ne4 Nxd5 18. Rxf7+ Ke8 19. Nxd6+ cxd6 20. Bc4 N7b6
21. Bb3 a5 22. a4 Rg6 23. Bxd5 Rc8 24. Rf8+ 1-0

[Event "26th WSCC 2016 Open 50+"]
[Site "Marianske Lazne, Czech Republic - Hotel Cristal and Continental"]
[Date "2016.11.22"]
[Round "4.54"]
[White "Dobes, Ludek"]
[Black "Meier, Franz"]
[Result "1/2-1/2"]
[WhiteElo "2038"]
[BlackElo "1859"]
[PlyCount "111"]
[EventDate "2016.11.19"]

1. d4 Nf6 2. Nf3 e6 3. g3 b6 4. c4 Bb7 5. Bg2 Be7 6. O-O O-O 7. Nc3 d5 8. Ne5
Nbd7 9. Bf4 a6 10. Rc1 Rc8 11. cxd5 Nxd5 12. Nxd5 exd5 13. Nc6 Bxc6 14. Rxc6
Nb8 15. Rc2 Bd6 16. Bh3 f5 17. Bc1 Qf6 18. Bg2 c6 19. e3 Kh8 20. Qd3 Rce8 21.
Qb3 b5 22. Bd2 Re6 23. Bb4 Bxb4 24. Qxb4 Rfe8 25. a4 g5 26. axb5 axb5 27. Rc3
Qg6 28. Ra3 f4 29. exf4 gxf4 30. Rf3 Re4 31. Qd2 Qf6 32. Rxf4 Rxf4 33. gxf4 Rf8
34. Re1 Nd7 35. Bh3 Qg7+ 36. Kh1 Nf6 37. f5 Ne4 38. Qe3 c5 39. dxc5 Qxb2 40.
Rf1 Qc3 41. Qxc3+ Nxc3 42. Ra1 Rf6 43. Kg2 b4 44. Ra8+ Kg7 45. Rb8 Rc6 46. Rb7+
Kf8 47. Rxb4 Rxc5 48. Rb7 Ne4 49. Rxh7 Rc2 50. Rd7 Rxf2+ 51. Kg1 Rd2 52. Bf1
Nf6 53. Ra7 Ne4 54. Rd7 Nf6 55. Ra7 Ne4 56. Rd7 1/2-1/2

[Event "26th WSCC 2016 Open 50+"]
[Site "Marianske Lazne, Czech Republic - Hotel Cristal and Continental"]
[Date "2016.11.22"]
[Round "4.55"]
[White "Serafim Junior, Arnor"]
[Black "Ptacnik, Stanislav"]
[Result "1/2-1/2"]
[WhiteElo "1846"]
[BlackElo "2037"]
[PlyCount "63"]
[EventDate "2016.11.19"]

1. c4 e5 2. Nc3 Nf6 3. g3 Bb4 4. Qc2 O-O 5. Bg2 c6 6. a3 Bxc3 7. Qxc3 Re8 8. d4
e4 9. Bg5 d5 10. Rc1 h6 11. Bxf6 Qxf6 12. cxd5 cxd5 13. e3 Bd7 14. Qb3 Bc6 15.
Ne2 Nd7 16. O-O Qd6 17. Nc3 Nf6 18. Nb5 Qd7 19. Nc3 Rad8 20. Qd1 Nh7 21. h4 Qe7
22. Bh3 Rd6 23. Kg2 g6 24. b4 f5 25. Rh1 Qf7 26. Kg1 Rf8 27. Bf1 Nf6 28. Nb5
Bxb5 29. Bxb5 g5 30. hxg5 hxg5 31. Be2 f4 32. gxf4 1/2-1/2

[Event "26th WSCC 2016 Open 50+"]
[Site "Marianske Lazne, Czech Republic - Hotel Cristal and Continental"]
[Date "2016.11.22"]
[Round "4.56"]
[White "Tiedt, Gunter"]
[Black "Kylar, Miroslav"]
[Result "1-0"]
[WhiteElo "2020"]
[BlackElo "1851"]
[PlyCount "99"]
[EventDate "2016.11.19"]

1. e4 d5 2. exd5 Qxd5 3. Nc3 Qd6 4. d4 Nf6 5. Bc4 Bg4 6. f3 Bf5 7. Nge2 e6 8.
Bf4 Qb4 9. Bd3 Bxd3 10. Qxd3 Bd6 11. Qb5+ Qxb5 12. Nxb5 Bxf4 13. Nxf4 Na6 14.
O-O-O O-O 15. Nc3 c6 16. Ne4 Nd5 17. Nxd5 cxd5 18. Nc3 Rac8 19. f4 g6 20. g4
Nc7 21. h4 f5 22. g5 Ne8 23. h5 Nd6 24. Rh2 Ne4 25. Ne2 Kg7 26. Rd3 Rh8 27.
Rdh3 a6 28. Ng1 Nd6 29. Nf3 Nf7 30. Ne5 Nxe5 31. dxe5 b5 32. hxg6 hxg6 33. Rxh8
Rxh8 34. Rxh8 Kxh8 35. Kd2 Kg8 36. Kd3 Kf8 37. Kd4 Ke8 38. Kc5 Kd7 39. Kb6 b4
40. c3 bxc3 41. bxc3 a5 42. Kxa5 Kc6 43. Kb4 Kb6 44. a4 Ka6 45. a5 Kb7 46. Kb5
Ka7 47. a6 Kb8 48. Kc6 Ka7 49. Kd6 Kxa6 50. Kxe6 1-0

[Event "26th WSCC 2016 Open 50+"]
[Site "Marianske Lazne, Czech Republic - Hotel Cristal and Continental"]
[Date "2016.11.22"]
[Round "4.57"]
[White "Melkeraen, Terje"]
[Black "Panos, Jan"]
[Result "1-0"]
[WhiteElo "2011"]
[BlackElo "1845"]
[PlyCount "51"]
[EventDate "2016.11.19"]

1. Nf3 c5 2. b3 Nc6 3. Bb2 e6 4. e3 Nf6 5. Bb5 Nb4 6. O-O a6 7. Be2 b5 8. a3
Nc6 9. a4 Rb8 10. axb5 axb5 11. Na3 Ba6 12. Ne5 Nxe5 13. Bxe5 d6 14. Bg3 Be7
15. d4 Ne4 16. dxc5 Nxg3 17. hxg3 dxc5 18. c4 b4 19. Nb5 Bxb5 20. cxb5 O-O 21.
Ra6 Qd5 22. Qc2 Bd8 23. Bf3 Qe5 24. Bc6 Bb6 25. Rd1 Rfd8 26. Rxb6 1-0

[Event "26th WSCC 2016 Open 50+"]
[Site "Marianske Lazne, Czech Republic - Hotel Cristal and Continental"]
[Date "2016.11.22"]
[Round "4.58"]
[White "De Meester, Johan"]
[Black "Cafolla, Peter"]
[Result "0-1"]
[WhiteElo "1828"]
[BlackElo "1996"]
[PlyCount "86"]
[EventDate "2016.11.19"]

1. c4 e6 2. Nc3 d5 3. d4 c5 4. cxd5 cxd4 5. Qxd4 Nc6 6. Qa4 exd5 7. e3 Nf6 8.
Nf3 Be7 9. Ne5 Qd6 10. Nxc6 bxc6 11. Be2 O-O 12. O-O Bf5 13. Rd1 Rfe8 14. Bf3
Qe6 15. Ne2 Bd6 16. Nd4 Qe5 17. g3 Bd7 18. Qa6 Rac8 19. e4 g5 20. exd5 Nxd5 21.
Qxa7 Rc7 22. Qa5 Bb4 23. Qa6 Bh3 24. Bg2 Bxg2 25. Kxg2 Qe4+ 26. Kg1 c5 27. f3
Qe5 28. Nc6 Qf5 29. Nxb4 Nxb4 30. Qd6 Rce7 31. Bd2 Re2 32. Re1 Qxf3 33. Rxe2
Rxe2 34. Qd8+ Kg7 35. Qxg5+ Kf8 36. Qd8+ Kg7 37. Bc3+ f6 38. Qd7+ Kg6 39. Qh3
Nd3 40. Qf1 Qe3+ 41. Kh1 Nf2+ 42. Kg1 Ng4+ 43. Kh1 Rxh2# 0-1

[Event "26th WSCC 2016 Open 50+"]
[Site "Marianske Lazne, Czech Republic - Hotel Cristal and Continental"]
[Date "2016.11.22"]
[Round "4.59"]
[White "Randak, Pavel"]
[Black "Miculka, Petr"]
[Result "0-1"]
[WhiteElo "1826"]
[BlackElo "1995"]
[PlyCount "98"]
[EventDate "2016.11.19"]

1. e4 c5 2. Nf3 Nc6 3. d4 cxd4 4. Nxd4 Nf6 5. Nc3 e5 6. Ndb5 d6 7. Bg5 a6 8.
Na3 b5 9. Nd5 Be7 10. Bxf6 Bxf6 11. c4 b4 12. Nc2 a5 13. Qf3 Bg5 14. h4 Bh6 15.
g4 Bf4 16. Nxf4 exf4 17. Qxf4 Ne5 18. Ne3 O-O 19. Be2 Qb6 20. Rd1 Be6 21. h5 f6
22. Qg3 b3 23. a3 Rac8 24. O-O Rfd8 25. Nd5 Bxd5 26. Rxd5 Nxc4 27. Bxc4 Rxc4
28. Rfd1 Rxe4 29. Rxd6 Rxd6 30. Rxd6 Re1+ 31. Kg2 Qb7+ 32. f3 Re2+ 33. Kh3 Re3
34. Kg2 Re2+ 35. Kh3 Rxb2 36. Qf4 Rf2 37. Rd8+ Kf7 38. Qc4+ Ke7 39. Rd3 Rxf3+
40. Rxf3 Qxf3+ 41. Kh4 Qf2+ 42. Kh3 Qc2 43. Qg8 b2 44. Qxg7+ Ke6 45. Qg8+ Ke5
46. Qb8+ Ke4 47. Qb7+ Ke3 48. Qb6+ Ke2 49. Qe6+ Kd2 0-1

[Event "26th WSCC 2016 Open 50+"]
[Site "Marianske Lazne, Czech Republic - Hotel Cristal and Continental"]
[Date "2016.11.22"]
[Round "4.60"]
[White "Borovicka, Bohumil"]
[Black "Vasse, Albert"]
[Result "1/2-1/2"]
[WhiteElo "1991"]
[BlackElo "1826"]
[PlyCount "56"]
[EventDate "2016.11.19"]

1. d4 d5 2. Bf4 Nf6 3. e3 e6 4. Nd2 c5 5. c3 Nc6 6. Bd3 Be7 7. Ngf3 Nh5 8. Be5
Nxe5 9. Nxe5 Nf6 10. O-O O-O 11. f4 g6 12. g4 Nd7 13. Ndf3 f6 14. Nxd7 Bxd7 15.
Qc2 Kg7 16. h4 e5 17. dxe5 Bxg4 18. exf6+ Bxf6 19. Ng5 h6 20. Qg2 hxg5 21. Qxg4
Qe7 22. Rae1 gxh4 23. Qxg6+ Kh8 24. Qh5+ Kg8 25. Kh2 Rf7 26. Qxd5 Rd8 27. Qc4
Kh8 28. Rg1 Rg7 1/2-1/2

[Event "26th WSCC 2016 Open 50+"]
[Site "Marianske Lazne, Czech Republic - Hotel Cristal and Continental"]
[Date "2016.11.22"]
[Round "4.61"]
[White "Schneider, Waldemar"]
[Black "Polanyi, Peter"]
[Result "0-1"]
[WhiteElo "1818"]
[BlackElo "1990"]
[PlyCount "62"]
[EventDate "2016.11.19"]

1. d4 Nf6 2. c4 c5 3. d5 b5 4. cxb5 a6 5. bxa6 Bxa6 6. Nc3 d6 7. e4 Bxf1 8.
Kxf1 g6 9. Nf3 Nbd7 10. Qe2 Qb8 11. a4 Bg7 12. g3 O-O 13. Kg2 Ng4 14. Ra3 Rc8
15. Nb5 Nge5 16. Nd2 c4 17. f4 Nd3 18. Nxc4 Rxc4 19. Rxd3 Rcxa4 20. Nc3 Rb4 21.
Rd2 Nc5 22. Rc2 Bxc3 23. Rxc3 Rxe4 24. Re3 f5 25. Re1 Qb7 26. Rd1 Ra2 27. Rxe4
Nxe4 28. Qc4 Rxb2+ 29. Bxb2 Qxb2+ 30. Kh3 Nf2+ 31. Kh4 Qf6# 0-1

[Event "26th WSCC 2016 Open 50+"]
[Site "Marianske Lazne, Czech Republic - Hotel Cristal and Continental"]
[Date "2016.11.22"]
[Round "4.62"]
[White "Hajsman, Ladislav"]
[Black "Krutina, Miroslav"]
[Result "1/2-1/2"]
[WhiteElo "1784"]
[BlackElo "1983"]
[PlyCount "60"]
[EventDate "2016.11.19"]

1. d4 g6 2. c4 Bg7 3. Nc3 d6 4. Nf3 a6 5. e3 Nd7 6. Bd3 c6 7. O-O Qc7 8. Qc2 e5
9. Bd2 Ne7 10. Kh1 f5 11. dxe5 dxe5 12. e4 f4 13. b4 O-O 14. c5 h6 15. Bc4+ Kh7
16. Bb3 Nf6 17. Na4 Bg4 18. Nb6 Rad8 19. Bc3 Nd7 20. Nc4 Nc8 21. Qb2 Rde8 22.
h3 Bh5 23. Rad1 g5 24. Rd3 Bg6 25. Rfd1 Re7 26. Qd2 Be8 27. Nd6 Nf6 28. Nxe5
Nxe4 29. Nxe4 Bxe5 30. Nd6 Bxc3 1/2-1/2

[Event "26th WSCC 2016 Open 50+"]
[Site "Marianske Lazne, Czech Republic - Hotel Cristal and Continental"]
[Date "2016.11.22"]
[Round "4.63"]
[White "Petras, Milan"]
[Black "Koblizek, Lubomir"]
[Result "1/2-1/2"]
[WhiteElo "1969"]
[BlackElo "1811"]
[PlyCount "45"]
[EventDate "2016.11.19"]

1. e4 d6 2. d4 e5 3. Bc4 exd4 4. Nf3 Nc6 5. Nxd4 Nxd4 6. Qxd4 Nf6 7. Nc3 Be6 8.
Nd5 Be7 9. Bd2 Nxd5 10. exd5 Bf5 11. O-O-O O-O 12. Qf4 Bg6 13. h4 h6 14. Qg3 h5
15. Bc3 Bf6 16. Rde1 Bxc3 17. Qxc3 Qd7 18. Re3 b5 19. Bf1 b4 20. Qc6 Qxc6 21.
dxc6 Rfe8 22. Rhh3 Be4 23. Bb5 1/2-1/2

[Event "26th WSCC 2016 Open 50+"]
[Site "Marianske Lazne, Czech Republic - Hotel Cristal and Continental"]
[Date "2016.11.22"]
[Round "4.64"]
[White "Svec, Jan"]
[Black "Horak, Vladimir"]
[Result "1/2-1/2"]
[WhiteElo "1717"]
[BlackElo "1961"]
[PlyCount "84"]
[EventDate "2016.11.19"]

1. d4 d5 2. c4 c6 3. Nc3 dxc4 4. e3 b5 5. a4 b4 6. Ne4 Nf6 7. Nxf6+ exf6 8.
Bxc4 Be6 9. Bxe6 fxe6 10. Nf3 Bd6 11. b3 O-O 12. Bb2 Nd7 13. O-O c5 14. Qe2 Qe7
15. Rac1 Rac8 16. Rfd1 Rfd8 17. h3 Rc7 18. Rd2 Rdc8 19. Rdc2 Nb6 20. dxc5 Rxc5
21. Rxc5 Rxc5 22. Rxc5 Bxc5 23. Bd4 e5 24. Bxc5 Qxc5 25. Qd1 Kf7 26. Nd2 h6 27.
h4 Nd5 28. Nc4 Qc6 29. h5 Nc3 30. Qd8 Nxa4 31. bxa4 Qxc4 32. Qd7+ Kg8 33. Qe8+
Kh7 34. Qg6+ Kh8 35. Qe8+ Qg8 36. Qb5 a5 37. Kh2 Qc8 38. f3 Kg8 39. Qxa5 Qb8
40. Qd5+ Kh8 41. Qb3 Qb6 42. Qf7 Qb8 1/2-1/2

[Event "26th WSCC 2016 Open 50+"]
[Site "Marianske Lazne, Czech Republic - Hotel Cristal and Continental"]
[Date "2016.11.22"]
[Round "4.65"]
[White "Shaw, Meyrick"]
[Black "Vlcek, Antonin"]
[Result "1-0"]
[WhiteElo "1947"]
[BlackElo "1798"]
[PlyCount "47"]
[EventDate "2016.11.19"]

1. d4 Nf6 2. Nf3 d5 3. Bf4 e6 4. e3 Be7 5. Nbd2 b6 6. c3 O-O 7. Ne5 Bb7 8. Bd3
c5 9. Ndf3 Ne4 10. h4 f6 11. Ng4 h5 12. Ngh2 Nd7 13. Qe2 e5 14. dxe5 fxe5 15.
Bxe4 exf4 16. Bg6 fxe3 17. Qxe3 Rf6 18. Bxh5 d4 19. cxd4 cxd4 20. Qb3+ Kf8 21.
Ng5 Bb4+ 22. Qxb4+ Qe7+ 23. Qxe7+ Kxe7 24. O-O 1-0

[Event "26th WSCC 2016 Open 50+"]
[Site "Marianske Lazne, Czech Republic - Hotel Cristal and Continental"]
[Date "2016.11.22"]
[Round "4.66"]
[White "Molnar, Ladislav"]
[Black "Sielicki, Tomasz"]
[Result "0-1"]
[WhiteElo "1738"]
[BlackElo "1947"]
[PlyCount "120"]
[EventDate "2016.11.19"]

1. e4 e5 2. Bc4 Nf6 3. d3 Nc6 4. Nf3 Bc5 5. h3 d6 6. c3 a6 7. b4 Ba7 8. O-O h6
9. Be3 Be6 10. Bxe6 fxe6 11. Bxa7 Rxa7 12. a4 O-O 13. Nbd2 Qe8 14. Qb3 Qf7 15.
Nh2 Nh5 16. g3 Raa8 17. Ndf3 Qg6 18. Nh4 Qf7 19. N4f3 Kh7 20. Qd1 Qg6 21. Nh4
Qg5 22. N2f3 Qf6 23. Nh2 Nf4 24. Ng4 Qe7 25. Kh2 Rf7 26. Ng2 Ng6 27. Ra2 Raf8
28. f3 h5 29. N4e3 h4 30. g4 Nf4 31. Nxf4 Rxf4 32. Ng2 R4f7 33. Raf2 g5 34. Qd2
Kg6 35. Ne3 Qf6 36. Ng2 a5 37. b5 Nb8 38. c4 Nd7 39. Qc2 Nc5 40. d4 Nd7 41. c5
Kh6 42. c6 bxc6 43. bxc6 Nb6 44. dxe5 Qxe5+ 45. f4 gxf4 46. Kh1 f3 47. Nxh4 Qg3
48. Qd2+ Kh7 49. Qg5 Qxh3+ 50. Kg1 Rg7 51. Qh5+ Kg8 52. g5 Qg3+ 53. Rg2 fxg2
54. Rxf8+ Kxf8 55. Qh8+ Kf7 56. Qh5+ Ke7 57. Ng6+ Rxg6 58. Qh7+ Kf8 59. Qh8+
Kf7 60. Qh7+ Rg7 0-1

[Event "26th WSCC 2016 Open 50+"]
[Site "Marianske Lazne, Czech Republic - Hotel Cristal and Continental"]
[Date "2016.11.22"]
[Round "4.67"]
[White "Galvan Sarmiento, Jose Luis"]
[Black "Tkadlecek, Petr"]
[Result "1-0"]
[WhiteElo "1933"]
[BlackElo "1733"]
[PlyCount "90"]
[EventDate "2016.11.19"]

1. d4 Nf6 2. Bf4 d5 3. e3 c6 4. Nf3 Qa5+ 5. c3 Bf5 6. Nbd2 Nbd7 7. Be2 Nh5 8.
Bg5 f6 9. Nh4 fxg5 10. Bxh5+ Bg6 11. Nxg6 hxg6 12. Bxg6+ Kd8 13. Bf5 Nf6 14.
Nf3 Qc7 15. Ne5 Rh5 16. Qf3 g4 17. Bxg4 Rxe5 18. dxe5 Qxe5 19. Bf5 e6 20. Bc2
Kd7 21. O-O-O a5 22. Qg3 Qh5 23. Qg6 Qxg6 24. Bxg6 a4 25. a3 Ng4 26. Rd2 Bc5
27. h3 Ne5 28. Bc2 b5 29. Kb1 Rf8 30. Rhd1 Kc7 31. Re2 Nc4 32. Bd3 Ne5 33. f4
Nd7 34. g3 Nf6 35. e4 Nh5 36. Rg2 Be3 37. f5 exf5 38. exd5 f4 39. gxf4 Bxf4 40.
dxc6 Kxc6 41. Rg6+ Kc5 42. Rf1 Re8 43. Rg4 Be5 44. Bg6 Rh8 45. Rg5 Nf4 1-0

[Event "26th WSCC 2016 Open 50+"]
[Site "Marianske Lazne, Czech Republic - Hotel Cristal and Continental"]
[Date "2016.11.22"]
[Round "4.68"]
[White "Muniraju, Narayanappa"]
[Black "Giulian, Rosemary A"]
[Result "0-1"]
[WhiteElo "1264"]
[BlackElo "1932"]
[PlyCount "104"]
[EventDate "2016.11.19"]

1. d4 e6 2. Nf3 Nf6 3. g3 b5 4. Bg2 Bb7 5. O-O c5 6. e3 Be7 7. b3 O-O 8. Bb2 a5
9. Nbd2 Na6 10. c3 d5 11. Re1 Qb6 12. a3 Rac8 13. Rc1 cxd4 14. cxd4 Rxc1 15.
Qxc1 Rc8 16. Qb1 Nb8 17. Rc1 Rc7 18. Bf1 Ba6 19. Ne5 b4 20. a4 Bxf1 21. Kxf1
Nbd7 22. Nxd7 Nxd7 23. Rc2 Bd6 24. Qc1 g6 25. Nf3 Nf6 26. Kg2 Kf8 27. Ne5 Rxc2
28. Qxc2 Qc7 29. Qxc7 Bxc7 30. Nd3 Ke7 31. Ne5 Bxe5 32. dxe5 Ne4 33. Bd4 Nd2
34. Bc5+ Kd7 35. h4 Nxb3 36. Bf8 Nd2 37. Bc5 b3 38. Bd4 Nc4 39. Kf3 b2 40. Bxb2
Nxb2 41. Kf4 h6 42. g4 Nd3+ 43. Kg3 Nxe5 44. f4 Nc4 45. Kf3 Nb6 46. e4 Nxa4 47.
Ke3 Nc5 48. exd5 exd5 49. Kd4 Kc6 50. Kc3 Ne4+ 51. Kb3 Kc5 52. Ka4 Kc4 0-1

[Event "26th WSCC 2016 Open 50+"]
[Site "Marianske Lazne, Czech Republic - Hotel Cristal and Continental"]
[Date "2016.11.22"]
[Round "4.69"]
[White "Hrabal, Ivan"]
[Black "Macek, Oldrich"]
[Result "1/2-1/2"]
[WhiteElo "1932"]
[BlackElo "1677"]
[PlyCount "94"]
[EventDate "2016.11.19"]

1. e3 Nf6 2. f4 d5 3. Nf3 g6 4. b3 Bg7 5. Bb2 O-O 6. Be2 c5 7. O-O Nc6 8. Bb5
Nb8 9. Qe1 Bf5 10. Qd1 Qb6 11. Be2 Nc6 12. Nc3 a6 13. Nh4 Bd7 14. Ba3 Qa7 15.
Bf3 Be6 16. Rb1 b5 17. Bb2 Rac8 18. f5 gxf5 19. Ne2 Bd7 20. Qe1 Kh8 21. Bxd5 e6
22. Bf3 Ne7 23. Kh1 Ng6 24. d3 c4 25. Bd4 Qc7 26. bxc4 bxc4 27. Rb7 Qd6 28.
Nxg6+ fxg6 29. Qh4 e5 30. Bc3 Nd5 31. dxc4 Nxc3 32. Nxc3 Bc6 33. Rbb1 Bxf3 34.
gxf3 e4 35. Nd5 Rxc4 36. Rfd1 Qe6 37. f4 Rxc2 38. Rb6 Rc6 39. Nc7 Qc4 40. Rxc6
Qxc6 41. Qe7 Qf6 42. Qd7 Qf7 43. Ne6 Qxd7 44. Rxd7 Rg8 45. Ra7 a5 46. Rxa5 h6
47. Nxg7 Kxg7 1/2-1/2